Responses for Show #7809 - Thursday, July 19, 2018

Ryan Fenster game 7.

Contestants

[<< previous game]

Michelle Mueckler, a stay-at-home mom from Elgin, South Carolina

Justin Moody, a paralegal from Durham, North Carolina

Ryan Fenster, a banker from SeaTac, Washington (whose 6-day cash winnings total $127,397)

[next game >>]

Jeopardy! Round responses

WORD PUZZLES
AUTOBIOGRAPHICAL NOVELS
TRAIL MIX
CLASSIC SONGS' FIRST LINES
(Alex: We'll give you the classic song's first line. You ID the song for me, please.)
I READ THE NEWS TODAY
O'BOY
    $200 26
separate but equal

Ryan
    $200 21
(Justin: Who is Hemingway?)

James Joyce

Justin
Triple Stumper
    $200 17
the Pony Express

Ryan
    $200 11
"Born In The U.S.A."

Ryan
    $200 6
Hershey

Ryan
    $200 1
Conan O'Brien

Michelle
    $400 30
pullover sweaters

Michelle
    $400 22
(Marcel) Proust

Ryan
    $400 16
Manitoba

Justin
    $400 12
"My Way"

Ryan
    $400 7
Iran

Triple Stumper
    $400 2
Electra

Michelle
    $600 29
dominos

Michelle
    $600 23
Nora Ephron

Michelle
    $600 18
the Trail of Tears

Justin
    $600 13
"A Day In The Life"

Justin
    $600 8
Loyola (of Chicago)

Justin
    $600 3
(Michelle: Who is Roy Blount?)

P.J. O'Rourke

RyanMichelle
    $800 28
(Ryan: Uh, quit looking at me?)

quit following me

RyanJustin
    $800 24
(Alex: Less than a minute now.)

look homeward

Justin
    $800 19
the Ho Chi Minh Trail

Justin
    $800 14
(Michelle: Who is Mary Jane?)

"Free Fallin'"

RyanMichelle
    $800 9
Tony Blair

Michelle
    $800 4
(Justin: What is Argentina?)

Chile

RyanJustin
    $1000 27
cannon to the left of them, cannon to the right of them

Justin
    $1000 25
(Henry) Miller

Michelle
    $1000 20
(Ryan: What is Mount Shasta?)

Mount Whitney

Ryan
Triple Stumper
    $1000 15
(Ryan: What is "You Lost That Lovin' Feelin'"?)
(Alex: Oh, you're so close. It's not "you", it's "you've". Y-O-U-apostrophe-V-E.)
[Justin and Michelle are not given a chance to ring in, suggesting that Alex initially ruled Ryan's response correct before going to commercial.]

"You've Lost That Lovin' Feelin'"

Ryan
Triple Stumper
    $1000 10
bomb cyclone

Triple Stumper
    $1000 5
(Martin) O'Malley

Justin

Scores at the first commercial break (after clue 15):

Ryan Justin Michelle
$2,000 $1,400 $0

Scores at the end of the Jeopardy! Round:

Ryan Justin Michelle
$1,000 $5,600 $2,600

Double Jeopardy! Round responses

GOD BLESS AMERICIUM
FROM BOOK TO TV
ENTITLED
MIDDLE "AGE"
WORLD HISTORY
THE ABCs OF THE CIA
    $400 26
a nuclear reactor

Justin
    $400 5
War and Peace

Michelle
    $400 11
a dame

Ryan
    $400 19
a menagerie

Justin
    $400 1
(Michelle: What is the Northeast Passage?)

the Northwest Passage

JustinMichelle
    $400 14
unmanned

Justin
    $800 27
gamma rays

Ryan
    $800 6
Stephen King

Michelle
    $800 12
elder

Ryan
    $800 20
eager

Triple Stumper
    $1,000 2
Egypt

Justin
    $1,000 15
the director of central intelligence

Justin
    $1200 28
(Ryan: What's a fire detector--[*]? [*]?)
(Alex: [*]. We'll accept that.)

smoke alarm

Ryan
    $1200 7
Syfy

Ryan
    $1200 13
Mussolini

Justin
    $1200 21
a bagel

Michelle
    $1200 3
Khrushchev

Justin
    $1200 16
weapons of mass destruction

Justin
    $1600 29
(Justin: What is Berkeley?)

(University of) Chicago

RyanJustin
    $1600 8
The Last Tycoon

Triple Stumper
    $1600 25
the governor-general

Ryan
    $1600 22
a cager

Michelle
    $1600 4
the Sandinistas

Michelle
    $1600 17
briefing

Michelle
    $2000 30
(Justin: What is inferno?)

pandemonium

RyanJustin
    $2000 10
Poldark

Triple Stumper
    $2000 24
Ethiopia

Ryan
    $2000 23
wages

Ryan
    $2000 9
[ERRATUM: The comma after "Pope Clement V" is not grammatically correct.]

Avignon

Michelle
    $2000 18
station

Justin

Scores at the end of the Double Jeopardy! Round:

Ryan Justin Michelle
$14,600 $11,200 $11,400

[wagering suggestions for these scores]

Final Jeopardy! Round responses

1970s MOVIES
JustinWhat is Close Encounters of the 3rd Kind
$11,199
MichelleWhat is Close Encounters of the Third Kind
$11,400
RyanWhat is Close Encounters of the Third Kind
$14,500
Close Encounters of the Third Kind

Final scores:

Ryan Justin Michelle
$29,100 $22,399 $22,800
7-day champion: $156,497 3rd place: $1,000 2nd place: $2,000

Game dynamics:

Coryat scores:

Ryan Justin Michelle
$14,600 $10,800 $11,400
19 R,
3 W
19 R
(including 3 DDs),
4 W
14 R,
3 W

Combined Coryat: $36,800

[game clues] [game scores] [suggest correction]

Game tape date: 2018-04-03
The J! Archive is created by fans, for fans. Scraping, republication, monetization, and malicious use prohibited; this site may use cookies and collect identifying information. See terms. The Jeopardy! game show and all elements thereof, including but not limited to copyright and trademark thereto, are the property of Jeopardy Productions, Inc. and are protected under law. This website is not affiliated with, sponsored by, or operated by Jeopardy Productions, Inc. Join the discussion at JBoard.tv.